| Поле | Инд. | ПП | Название | Значение |
|---|---|---|---|---|
| Тип записи | a | |||
| Библиографический уровень | b | |||
| 001 | Контрольный номер | UNIDUBNAa7e08950e4c2401db3546f286304e933 | ||
| 005 | Дата корректировки | 20260528214806.7 | ||
| 084 | a | Индекс другой классификации/Индекс ББК | 63.3(2)53-75; 63.3(2)53-3 | |
| 100 | 1_ | a | Автор | Иванов Ю. |
| q | Полное имя | Иванов Юрий | ||
| 245 | 10 | a | Заглавие | Эх, загулял |
| 504 | a | Библиография | Библиогр. в примеч. | |
| 520 | 0_ | a | Аннотация | В российской провинции существовали стойкие местные празднично-православные традиции, и в разных регионах число дней, празднуемых православным населением в течение года, достигало 120-140. Власти беспокоились о том, что чрезмерное число праздничных нерабочих дней вредно сказывалось на производительности земледельческого труда, в то же время на фабриках к началу 20 века сменная работа в воскресные дни стала нормой. Попытки устроить сменную работу в рождественские и пасхальные праздники, вообще сократить количество нерабочих дней за счет религиозных праздников вызывали протесты на ткацких фабриках. Но с календарем церковных праздников оказалась связана и активизация революционных проявлений в российской глубинке... |
| 650 | 04 | a | Основная рубрика | внутренняя политика |
| a | Основная рубрика | история | ||
| 653 | 0_ | a | Ключевые слова | XIX век |
| a | Ключевые слова | XX век | ||
| a | Ключевые слова | Владимирская губерния | ||
| a | Ключевые слова | забастовки | ||
| a | Ключевые слова | нерабочие праздничные дни | ||
| a | Ключевые слова | праздничные дни | ||
| a | Ключевые слова | протестные действия | ||
| a | Ключевые слова | Россия | ||
| a | Ключевые слова | стачки | ||
| a | Ключевые слова | церковные праздники | ||
| a | Ключевые слова | Шуйский уезд | ||
| a | Ключевые слова | Шуя | ||
| 773 | 18 | t | Заглавие источника | Родина |
| d | Дата издания источника | 2005 | ||
| g | Прочая информация | № 2. - С. 8-19 : ил., фот. | ||
| w | Контрольный № источника | RU/IS/BASE/163349940 | ||
| 901 | t | Тип документа | b |